Länder, die mit K beginnen - Karten-Quiz - Statistiken

Allgemein
  • Dieses Quiz wurde 369 mal gespielt
  • Das Durchschnittsergebnis liegt bei 13 aus 15
Antworten auf der Karte
Die Antworten werden auf der Karte rot bzw. grün angezeigt, abhängig davon wie oft sie richtig erraten wurden.
 
Antwortstatistiken
Land % Korrekt
Kanada
100%
Kasachstan
99%
Kolumbien
98%
Kroatien
97%
Kenia
94%
Kirgisistan
92%
Kambodscha
91%
Kosovo
91%
Kuba
87%
Kamerun
86%
Kap Verde
83%
Komoren
82%
Katar
80%
Kiribati
80%
Kuwait
79%
Keine übereinstimmenden Quizze gefunden
Verteilung der Resultate
Anzahl Personen mit jedem Resultat
Perzentil nach korrekt beantworteten Fragen
Ihre Resultats-Entwicklung
Sie haben dieses Quiz noch nicht gespielt